रसायन शास्त्र की कहानियां अपनी ही आंखो से (Record no. 64723)
[ view plain ]
| 000 -LEADER | |
|---|---|
| fixed length control field | 00442nam a2200109Ia 4500 |
| 008 - FIXED-LENGTH DATA ELEMENTS--GENERAL INFORMATION | |
| fixed length control field | 221009s9999 xx 000 0 und d |
| 082 ## - DEWEY DECIMAL CLASSIFICATION NUMBER | |
| Classification number | 741.462 BOOK |
| 100 ## - MAIN ENTRY--PERSONAL NAME | |
| Personal name | एल ब्लासोव डी त्रिफोनोव |
| 9 (RLIN) | 77087 |
| 245 #0 - TITLE STATEMENT | |
| Title | रसायन शास्त्र की कहानियां अपनी ही आंखो से |
| 260 ## - PUBLICATION, DISTRIBUTION, ETC. (IMPRINT) | |
| Name of publisher, distributor, etc. | भारती भाषा प्रकाशन |
| 942 ## - ADDED ENTRY ELEMENTS (KOHA) | |
| Koha item type | Books |
No items available.









